Антропология с прагматической точки зрения (Запись № 991203)

Подробности
000 -МАРКЕР
контрольное поле 01733nam0a2200397 4500
001 - ИДЕНТИФИКАТОР ЗАПИСИ
контрольное поле RU\NLR\bibl\1671354
005 - ИДЕНТИФИКАТОР ВЕРСИИ
контрольное поле 20260406134551.0
010 ## - МЕЖДУНАРОДНЫЙ СТАНДАРТНЫЙ НОМЕР КНИГИ (ISBN)
Номер (ISBN) 978-5-382-01231-5
021 ## - НОМЕР ГОСУДАРСТВЕННОЙ РЕГИСТРАЦИИ
Код страны российская федерация
Номер 2010-57543
Номер Листа государственной регистраци 3769
035 ## - ДРУГИЕ СИСТЕМНЫЕ НОМЕРА
Идентификатор записи (NLR Aleph) 001662612
100 ## - ДАННЫЕ ОБЩЕЙ ОБРАБОТКИ
Данные общей обработки 20100726d2010 |||y0rusy50 ca
101 1# - ЯЗЫК РЕСУРСА
Язык текста, звукозаписи и т.д. русский
Язык оригинала немецкий
102 ## - СТРАНА ПУБЛИКАЦИИ ИЛИ ПРОИЗВОДСТВА
Страна публикации российская федерация
105 ## - ПОЛЕ КОДИРОВАННЫХ ДАННЫХ: ТЕКСТОВЫЕ МАТЕРИАЛЫ, МОНОГРАФИЧЕСКИЕ
Кодированные данные о монографическом текстовом документе y |||||||||
200 1# - ЗАГЛАВИЕ И СВЕДЕНИЯ ОБ ОТВЕТСТВЕННОСТИ
Основное заглавие Антропология с прагматической точки зрения
Параллельное заглавие Anthropologie in pragmatischer Hinsicht
Первые сведения об ответственности И. Кант
Последующие сведения об ответственности пер. с нем. Н.М. Соколова
Язык параллельного заглавия немецкий
205 ## - СВЕДЕНИЯ ОБ ИЗДАНИИ
Сведения об издании Изд. 2-е
210 ## - ПУБЛИКАЦИЯ, РАСПРОСТРАНЕНИЕ И ДР.
Место издания, распространения и т.д. Москва
Имя издателя, распространителя и т. д. URSS
-- Изд-во ЛКИ
Дата издания, распространения и т.д. 2010
215 ## - ФИЗИЧЕСКАЯ ХАРАКТЕРИСТИКА
Специфическое обозначение материала и объем 194 c.
Размеры 17
225 1# - СЕРИЯ
Основное заглавие серии Из наследия мировой философской мысли: история философии
300 ## - ОБЩИЕ ПРИМЕЧАНИЯ
Текст примечания Авт. также на нем. яз.: Immanuel Kant
300 ## - ОБЩИЕ ПРИМЕЧАНИЯ
Текст примечания 1-е изд. выходило под загл. "Антропология"
320 ## - ПРИМЕЧАНИЯ О НАЛИЧИИ В ДОКУМЕНТЕ БИБЛИОГРАФИИ / УКАЗАТЕЛЯ
Текст примечания Библиогр. в подстроч. прим.
451 #0 - ДРУГОЕ ИЗДАНИЕ [КАТАЛОГИЗИРУЕМОГО ДОКУМЕНТА] НА АНАЛОГИЧНОМ НОСИТЕЛЕ
Встроенное поле 2001#$aАнтропология
Заглавие Антропология
510 0# - ПАРАЛЛЕЛЬНОЕ ЗАГЛАВИЕ
Связь между полями z24790
Параллельное заглавие Anthropologie in pragmatischer Hinsicht
Язык заглавия немецкий
606 0# - НАИМЕНОВАНИЕ ТЕМЫ КАК ПРЕДМЕТ
Наименование темы Классическая немецкая идеалистическая философия
Системный номер авторитетной/нормативной записи 1358866
Идентификатор авторитетной/нормативной записи RU\NLR\auth\66253813
686 ## - ИНДЕКСЫ ДРУГИХ КЛАССИФИКАЦИЙ
Индекс Ю3(4Г)5-653.1-0
700 #1 - ИМЯ ЛИЦА - ПЕРВИЧНАЯ ОТВЕТСТВЕННОСТЬ
Код отношения Автор
Материалы, к которым относится поле rus
Графика поля Кириллица
Начальный элемент ввода Кант
Часть имени, кроме начального элемента ввода И.
Даты 1724-1804
Расширение инициалов личного имени Иммануил
Идентификатор авторитетной/нормативной записи RU\NLR\auth\772317
Системный номер авторитетной/нормативной записи 112332
790 #1 - ИМЯ ЛИЦА - АЛЬТЕРНАТИВНАЯ ФОРМА
Код отношения Автор
Материалы, к которым относится поле ger
Графика поля Латинская
Начальный элемент ввода Kant
Часть имени, кроме начального элемента ввода I.
Даты 1724-1804
Расширение инициалов личного имени Immanuel
Идентификатор авторитетной/нормативной записи RU\NLR\auth\772318
Системный номер авторитетной/нормативной записи 112333
801 #0 - ИСТОЧНИК ЗАПИСИ
Страна российская федерация
Организация РГБ
Дата составления 20100726
Правила каталогизации rcr
801 #1 - ИСТОЧНИК ЗАПИСИ
Страна российская федерация
Организация РГБ
Дата составления 20100726
801 #2 - ИСТОЧНИК ЗАПИСИ
Страна российская федерация
Организация NLR
Дата составления 20100903
Правила каталогизации rcr
942 ## - ДОПОЛНИТЕЛЬНЫЕ ЭЛЕМЕНТЫ ЗАПИСИ (АБИС)
Тип экземпляра АБИС Книга
980 ## - КОЛЛЕКЦИЯ
Название коллекции Национальная библиография
Экземпляры
Тип экземпляра Дата поступления Источник поступления Библиотека постоянного хранения Библиотека текущего хранения Место хранения Шифр хранения Штрих-код Статус не для выдачи
Книга 03.09.2010 Обязательный экземпляр РНБ (Московский) РНБ (Московский) Русский книжный фонд: издания с 1957 года, 8этаж 2010-5/7608 1-2506047  
Книга 03.09.2010 Обязательный экземпляр РНБ (Московский) РНБ (Московский) Русский книжный фонд: издания с 1957 года, 8этаж 2010-5/7608 3242544